Štúdium termooxidačnej stability polymérnych materiálov pomocou DSC meraní

Gespeichert in:
Bibliographische Detailangaben
1. Verfasser: Snadík, Sonny (Verfasst von)
Weitere Verfasser: Cibulková, Zuzana (Betreuung Doktorarbeit)
Format: Manuskript Buch
Sprache:Slowakisch
Veröffentlicht: 2025
Schlagworte:
Online-Zugang:http://is.stuba.sk/zp/portal_zp.pl?podrobnosti=183366
Tags: Tag hinzufügen
Keine Tags, Fügen Sie das erste Tag hinzu!

MARC

LEADER 00000ntm a22000003a 4500
001 stuzp105210
003 SK-STU
005 20250607211307.1
007 ta
008 150427s2015----xo-----f-mn---000-0-slo-d
040 |a STU  |b slo 
041 0 |a slo 
100 1 |a Snadík, Sonny  |u 045210  |4 aut  |U FCHPT Ústav fyzikálnej chémie a chemickej fyziky  |T FCHPT Oddelenie fyzikálnej chémie  |X 110539  |U C5210  |Y 117  |7 110539 
242 0 1 |a Study of Thermooxidative Stability of Polymer Materials using DSC Measurements  |y eng 
245 1 0 |a Štúdium termooxidačnej stability polymérnych materiálov pomocou DSC meraní 
260 |c 2025 
650 4 |a thermooxidative stability  |2 eng 
650 4 |a induction period  |2 eng 
650 4 |a single-step approximation  |2 eng 
650 4 |a Berthelot–Hood temperature function  |2 eng 
650 4 |a DSC  |2 eng 
650 4 |a thermal analysis  |2 eng 
650 4 |a termooxidačná stabilita  |2 slo 
650 4 |a indukčná perióda  |2 slo 
650 4 |a jednokroková aproximácia  |2 slo 
650 4 |a Berthelotova – Hoodova teplotná funkcia  |2 slo 
650 4 |a DSC  |2 slo 
650 4 |a termická analýza  |2 slo 
700 1 |a Cibulková, Zuzana  |u 045210  |k Z1  |4 ths  |U FCHPT Ústav fyzikálnej chémie a chemickej fyziky  |T FCHPT Oddelenie fyzikálnej chémie  |X 46408  |U C5210  |Y 117  |7 A000046408 
856 4 |u http://is.stuba.sk/zp/portal_zp.pl?podrobnosti=183366